000 00397nam a22001457a 4500
005 20200613113905.0
008 200613b xxu||||| |||| 00| 0 eng d
082 _a345.4 AIR
110 _aALL INDIA REPORTER,
_96065
245 _aALL INDIA REPORTER, [1980] [VOL-67] RAJASTHAN SECTION
260 _aMUMBAI
_bALL INDIA REPORTER, PVT. LTD.
300 _a48;p
650 _aLAW
_95701
942 _cJRL
999 _c7124
_d7122